The TROPICAL forestry action plan
| Format: | Book |
|---|---|
| Published: |
(Rome :
Food and Agriculture Organization of the United Nations ,
(n.d.)
|
| Subjects: |
MARC
| LEADER | 00000cam a2200000 7i4500 | ||
|---|---|---|---|
| 001 | 0000002686 | ||
| 005 | 20031030.0 | ||
| 090 | 0 | 0 | |a FAO634.9 |b TRO (n.d.) |
| 245 | 0 | 4 | |a The TROPICAL forestry action plan |
| 260 | 0 | 0 | |a (Rome : |b Food and Agriculture Organization of the United Nations , |c (n.d.) |
| 300 | |a (32) p. : |b ill. ; |c 30 cm. | ||
| 650 | 0 | 0 | |a Forests and forestry |
| 998 | |a JPSM | ||
| 999 | |a 0000004067 |b Monograph |c Food and Agriculture Organization |e Default branch | ||